Vantablack - Damso - Statistiques

Statistiques générales
  • Ce quiz a été pris 116 fois
  • Le résultat moyen est 241 sur 356
Statistiques - réponses
Réponse % Correct
d'
99%
Couplet 1 L'
99%
l'
99%
n'
99%
s'
99%
à
97%
La
97%
la
97%
là,
97%
le
97%
T'
97%
t'
97%
m'
95%
c'
94%
de
92%
J'
92%
j'
92%
dans
91%
es
91%
noir,
91%
en
90%
te
90%
est
89%
69
87%
entre
87%
un
87%
égalité
86%
meuf
86%
mon
86%
humanité
85%
ai
84%
une
84%
n e g r o
83%
n e g r o
83%
son
83%
sort
83%
ta
83%
mère,
82%
sale,
82%
sale
82%
sur
82%
comme
80%
laisse
80%
Libre
80%
teuch'
80%
baise
79%
air,
78%
et
78%
me-sper
78%
pas
77%
sorti
77%
def',
76%
qu'
76%
weed
76%
weed,
76%
je
75%
prend
75%
violence
75%
Défoncé
74%
fume
74%
Fume
74%
On
74%
on
74%
tieks
74%
blush
72%
Elle
71%
homme
71%
oeuf,
71%
que
71%
fait
70%
Intro Nwaar
70%
Nwaar,
70%
nwaar
70%
arrête
69%
Numéro
69%
crois
68%
disparaitra
67%
du
67%
redeviens,
67%
sucer
67%
tué
67%
gland
66%
Vie,
66%
vie,
66%
Ça
64%
ça
64%
Dems
63%
ou
62%
mais
60%
bitch?
59%
tiekson,
59%
tiekson
59%
Damso
56%
as
55%
beaucoup,
55%
faciès
55%
qui
54%
délit
53%
dessus,
53%
par
53%
Refrain Thug,
53%
achète,
52%
bas
52%
crache
52%
les
52%
blesse
51%
rap
51%
police
49%
Bruxelles
48%
Eh
48%
eh
48%
fais
48%
mets
48%
tire
48%
Viens
48%
cu l,
47%
ni
46%
se
46%
vendu,
46%
Pont okay
43%
ouest
40%
ton
40%
croise,
39%
tes
39%
pars
38%
suis
38%
tout
38%
flèche,
37%
Bronx
36%
banlieue
34%
Hashtag
33%
ici
33%
invente
32%
prévu
32%
sous
32%
épiderme,
31%
rien
31%
sait
31%
question,
30%
seins
30%
mal,
29%
sans
29%
réponse,
28%
Thomas,
28%
touché
28%
âme,
26%
bien,
26%
fils
26%
mauvais
26%
mort,
26%
putain,
26%
touchant
26%
Refrain autres
25%
oint-j,
25%
euros,
24%
Millions
24%
Remise
24%
tienne,
24%
beuh
23%
scène,
23%
Trainée
23%
faisant
22%
guest
21%
termes
21%
Ouh
18%
linge,
17%
passait
16%
zoo,
15%
crever
14%
ronces
13%
roses,
13%
biff
10%
étale
10%
Rosa
10%
vis
10%
camion-citerne
9%
Coco Loco,
9%
rêve
9%
kilos
8%
coke
7%
Donne
7%
zone
7%
corps
6%
émoi
6%
puis
6%
Aucun quiz correspondant
Distribution des résultats
% des personnes avec chaque résultat
Percentile par nombre de réponses
Votre historique - résultats
Vous n’avez pas pris ce quiz